Radio servicing: (Record no. 183075)

000 -LEADER
fixed length control field 01088 a2200181 4500
003 - CONTROL NUMBER IDENTIFIER
control field Nust
005 - DATE AND TIME OF LATEST TRANSACTION
control field 20221220120050.0
040 ## - CATALOGING SOURCE
Transcribing agency Nust
082 ## - DEWEY DECIMAL CLASSIFICATION NUMBER
Classification number 621.384,MAR
100 ## - MAIN ENTRY--PERSONAL NAME
Personal name Marcus, Abraham
9 (RLIN) 40045
245 ## - TITLE STATEMENT
Title Radio servicing:
Remainder of title theory and practice /
Statement of responsibility, etc. Abraham Marcus,
260 ## - PUBLICATION, DISTRIBUTION, ETC.
Place of publication, distribution, etc. Allen and Unwin
Name of publisher, distributor, etc. London,
Date of publication, distribution, etc. 1950
300 ## - PHYSICAL DESCRIPTION
Extent xx, 775 p
Other physical details illus
Dimensions 23 cm
505 ## - FORMATTED CONTENTS NOTE
Formatted contents note Electrical and Radio Theory (Page-1), Components and Parts (Page-85), The Electron Tube (Page-124), The Electron Tube as a Rectifier (Page-177), The Electron Tube as a Detector (Page-193), The Electron Tube as a Amplifier (Page-231), Practical Amplifiers (Page-263), The Electron Tube as an Oscillator (Page-322), Special Tubes Used in Radio (Page-358), Control Circuits (Page-377), Radio Receivers (Page-433), Power Supplies (Page-492), Instruments used for Servicing (Page-562), Servicing Producers (Page-665), Servicing Techniques (Page-700), Repair, Replacement and Readjustment (Page-723).
600 ## - SUBJECT ADDED ENTRY--PERSONAL NAME
Personal name Marcus, Abraham
9 (RLIN) 40045
650 ## - SUBJECT ADDED ENTRY--TOPICAL TERM
Topical term or geographic name entry element Radio servicing: theory and practice
9 (RLIN) 105337
942 ## - ADDED ENTRY ELEMENTS (KOHA)
Source of classification or shelving scheme
Koha item type Book
Holdings
Withdrawn status Lost status Source of classification or shelving scheme Damaged status Not for loan Permanent Location Current Location Shelving location Date acquired Full call number Barcode Date last seen Price effective from Koha item type Public note
          Military College of Signals (MCS) Military College of Signals (MCS) General Stacks 12/12/2016 621.384,MAR MCS6694 12/08/2016 12/12/2016 Book Almirah No.38, Shelf No.3
          Military College of Signals (MCS) Military College of Signals (MCS) General Stacks 12/12/2016 621.384,MAR MCS7019 12/08/2016 12/12/2016 Book Almirah No.38, Shelf No.3
© 2023 Central Library, National University of Sciences and Technology. All Rights Reserved.